000 00473nam a2200193Ia 4500
005 20240823012353.0
008 240823s9999||||xx |||||||||||||| ||und||
020 _a0-07-049946-2
041 _aENGLISH
082 _A658.049 P3
100 _a"Hodson,Richard S"
245 0 _aInternational Management
250 _a5th
260 _c2003
_b"TMH,New "
_aNew Delhi
500 _aTRANSFERED
650 _aManagement
_bManagement Studies
942 _cBK
999 _c164206
_d164206